Hydrology and soil conservation engineering Including watershed management (Record no. 341999)
[ view plain ]
| 000 -LEADER | |
|---|---|
| fixed length control field | 00751cam a2200253ua 4500 |
| 020 ## - INTERNATIONAL STANDARD BOOK NUMBER | |
| International Standard Book Number | 81-203-1493-X |
| 020 ## - INTERNATIONAL STANDARD BOOK NUMBER | |
| International Standard Book Number | 9788120335868 |
| 082 ## - DEWEY DECIMAL CLASSIFICATION NUMBER | |
| Classification number | 631.45 |
| Item number | DAS/HY |
| 100 ## - MAIN ENTRY--PERSONAL NAME | |
| Personal name | Das, Ghanshyam . |
| 9 (RLIN) | 2060 |
| 245 ## - TITLE STATEMENT | |
| Title | Hydrology and soil conservation engineering Including watershed management |
| 250 ## - EDITION STATEMENT | |
| Edition statement | 2 |
| 260 ## - PUBLICATION, DISTRIBUTION, ETC. (IMPRINT) | |
| Place of publication, distribution, etc. | New Delhi : |
| Name of publisher, distributor, etc. | Prentice Hall of India Pvt Ltd. , |
| Date of publication, distribution, etc. | 2016 |
| 300 ## - PHYSICAL DESCRIPTION | |
| Extent | 539 ; . |
| 650 ## - SUBJECT ADDED ENTRY--TOPICAL TERM | |
| Topical term or geographic name as entry element | Abstraction losses |
| 9 (RLIN) | 2061 |
| 650 ## - SUBJECT ADDED ENTRY--TOPICAL TERM | |
| Topical term or geographic name as entry element | Flood routing |
| 9 (RLIN) | 2062 |
| 650 ## - SUBJECT ADDED ENTRY--TOPICAL TERM | |
| Topical term or geographic name as entry element | Hydrographs |
| 9 (RLIN) | 2063 |
| 650 ## - SUBJECT ADDED ENTRY--TOPICAL TERM | |
| Topical term or geographic name as entry element | Precipitation |
| 9 (RLIN) | 2064 |
| 650 ## - SUBJECT ADDED ENTRY--TOPICAL TERM | |
| Topical term or geographic name as entry element | Soil erosion |
| 9 (RLIN) | 2065 |
| 650 ## - SUBJECT ADDED ENTRY--TOPICAL TERM | |
| Topical term or geographic name as entry element | stream flow |
| 9 (RLIN) | 2066 |
| 650 ## - SUBJECT ADDED ENTRY--TOPICAL TERM | |
| Topical term or geographic name as entry element | Time series analysis |
| 9 (RLIN) | 2067 |
| 650 ## - SUBJECT ADDED ENTRY--TOPICAL TERM | |
| Topical term or geographic name as entry element | water harvesting |
| 9 (RLIN) | 2068 |
| 650 ## - SUBJECT ADDED ENTRY--TOPICAL TERM | |
| Topical term or geographic name as entry element | watershed management |
| 9 (RLIN) | 2069 |
| 942 ## - ADDED ENTRY ELEMENTS (KOHA) | |
| Koha item type | Books (General) |
| Withdrawn status | Lost status | Damaged status | Not for loan | Collection code | Home library | Current library | Shelving location | Date acquired | Source of acquisition | Cost, normal purchase price | Total Checkouts | Total Renewals | Full call number | Barcode | Date last seen | Date checked out | Price effective from | Koha item type |
|---|---|---|---|---|---|---|---|---|---|---|---|---|---|---|---|---|---|---|
| Kelappaji College of Agricultural Engineering & Technology Library, Tavanur | Kelappaji College of Agricultural Engineering & Technology Library, Tavanur | 30/03/2017 | Neoti book Agency | 425.00 | 11 | 8 | 631.45 DAS/HY | KAU_KCAEFT-25285 | 03/07/2025 | 14/03/2025 | 04/08/2017 | Books (General) | ||||||
| Kelappaji College of Agricultural Engineering & Technology Library, Tavanur | Kelappaji College of Agricultural Engineering & Technology Library, Tavanur | 30/03/2017 | Neoti book Agency | 425.00 | 7 | 15 | 631.45 DAS/HY | KAU_KCAEFT-25286 | 07/07/2025 | 04/02/2025 | 04/08/2017 | Books (General) | ||||||
| Kelappaji College of Agricultural Engineering & Technology Library, Tavanur | Kelappaji College of Agricultural Engineering & Technology Library, Tavanur | 18/03/2018 | Neoti book agency | 425.00 | 11 | 9 | 631.45 DAS/HY | KAU_KCAEFT-25570 | 28/07/2025 | 28/07/2025 | 29/06/2018 | Books (General) |
